00942nam a2200313 a 4500003000900000005001700009008004100026020001800067040001300085100003600098245004600134250001200180260003200192300002400224500005600248650002300304650002900327650001700356650002600373650001600399650001000415650002400425650001400449653002400463942000700487998001100494999001700505952010600522AR-BaBNM20251128210717.0082120s2002 ||||||||||||||000 | spa|| a950-739-015-8 cAR-BaBNM1 aAlvarez Chávez, Víctor Hugo00aTécnicas para escribir, leer y estudiar a2ª ed. aBuenos AiresbErreparc1993 a264 p.btablas, il. aContiene referencias bibliográficas y apéndices 4aMETODOS DE ESTUDIO 4aINFORME DE INVESTIGACION 4aBIBLIOGRAFIA 4aREDACCION DE INFORMES 4aMONOGRAFIAS 4aTESIS 4aMATERIAL DE LECTURA 4aESCRITURA aCOMPRENSION LECTORA cBK cRAQUEL c16551d16551 00102ddc405171aLPLbLPLd2025-11-28l0o37.025 ALVAp125199r2025-11-28 21:07:17w2025-11-28yBK